Online Catalogue and eLibrary

Women and American socialism 1870-1920- (Record no. 2735)

MARC details
000 -LEADER
fixed length control field 00442nam a2200169Ia 4500
005 - DATE AND TIME OF LATEST TRANSACTION
control field 20240517022138.0
008 - FIXED-LENGTH DATA ELEMENTS--GENERAL INFORMATION
fixed length control field 240331s9999 xx 000 0 und d
020 ## - INTERNATIONAL STANDARD BOOK NUMBER
ISBN 0252008731
082 ## - DDC Classification
Item Number - Author Mark BUH
Class No. 335
100 ## - MAIN ENTRY--PERSONAL NAME
Personal name Buhle, Mari Jo
245 #0 - TITLE STATEMENT
Title Women and American socialism 1870-1920-
Statement of responsibility, etc. Mari Jo Buhle
260 ## - PUBLICATION, DISTRIBUTION, ETC.
Place of publication, distribution, etc. America
Name of publisher, distributor, etc. University of Illinois press
Date of publication, distribution, etc. 1981
300 ## - PHYSICAL DESCRIPTION
Extent (e.g. Volumes, Pages etc.) xix, 344 p.,
650 ## - SUBJECT ADDED ENTRY--TOPICAL TERM
Topical term or geographic name entry element Women
650 ## - SUBJECT ADDED ENTRY--TOPICAL TERM
Topical term or geographic name entry element Social
942 ## - Koha item type (Biblio)
Koha item type Books in Stacks (Lending)
Holdings
Lost status Damaged status Collection code Home library Current library Shelving location Date acquired Full call number Accession Number Item type
    Lending WERC Library WERC Library Social Science Cupboard 03/31/2024 335 BUH 127 Books in Stacks (Lending)

© WERC Library